[Event "Montevideo Metropolitano U20 op 2nd"]
[Site "Montevideo"]
[Date "2013.08.25"]
[Round "4.1"]
[White "Busca, Joaquin"]
[Black "Augoustis Funti, Alexis"]
[Result "0-1"]
[WhiteElo "1634"]
[BlackElo "1937"]
[PlyCount "128"]
[EventDate "2013.08.23"]
[EventType "swiss"]
[EventRounds "5"]
[EventCountry "URU"]
[SourceTitle "EXT 2024"]
[Source "ChessBase"]
[SourceDate "2023.10.10"]
[SourceVersion "1"]
[SourceVersionDate "2023.10.10"]
[SourceQuality "1"]

1. c4 c5 2. Nc3 Nc6 3. g3 g6 4. Bg2 Bg7 5. e3 e6 6. Nge2 Nge7 7. 0-0 0-0 8. Rb1 d5 9. d3 b6 10. a3 a5 11. Nb5 Bb7 12. Nec3 Rb8 13. Qe2 Qd7 14. Bd2 Rfd8 15. Rfd1 dxc4 16. dxc4 Qd3 17. Qxd3 Rxd3 18. Be1 Rbd8 19. Rxd3 Rxd3 20. Na4 Nc8 21. Bc3 Nd8 22. Bf1 Rd7 23. Bxg7 Kxg7 24. Nbc3 Bf3 25. Bg2 Bxg2 26. Kxg2 Nc6 27. Rd1 Rxd1 28. Nxd1 Ne5 29. b3 Nd3 30. Ndb2 Nc1 31. b4 axb4 32. axb4 cxb4 33. Kf1 Nb3 34. Ke2 Nc5 35. Nxc5 bxc5 36. Na4 Nd6 37. Nxc5 Nxc4 38. Kd3 Ne5+ 39. Kc2 Ng4 40. Na6 Nxf2 41. Nxb4 Ng4 42. Kd3 Nxh2 43. Ke2 f5 44. Nd3 Ng4 45. Kf3 Kf6 46. Ne1 Ne5+ 47. Kf2 Kg5 48. Ng2 Ng4+ 49. Ke2 e5 50. Ne1 e4 51. Ng2 Ne5 52. Nf4 Kg4 53. Kf2 Nd3+ 54. Kg2 Nxf4+ 55. gxf4 h5 56. Kf2 Kh3 57. Kg1 Kg3 58. Kh1 Kf3 59. Kg1 Kxe3 60. Kg2 Kxf4 61. Kf2 e3+ 62. Kg2 h4 63. Kg1 e2 64. Kf2 h3 0-1

[Event "Montevideo Metropolitano U20 op 2nd"]
[Site "Montevideo"]
[Date "2013.08.24"]
[Round "3.3"]
[White "Augoustis Funti, Alexis"]
[Black "Quevedo, Andreina"]
[Result "1-0"]
[WhiteElo "1937"]
[BlackElo "1541"]
[PlyCount "111"]
[EventDate "2013.08.23"]
[EventType "swiss"]
[EventRounds "5"]
[EventCountry "URU"]
[SourceTitle "EXT 2024"]
[Source "ChessBase"]
[SourceDate "2023.10.10"]
[SourceVersion "1"]
[SourceVersionDate "2023.10.10"]
[SourceQuality "1"]

1. e4 e5 2. Nf3 Nc6 3. Bc4 Bc5 4. c3 Nf6 5. d3 h6 6. Nbd2 d6 7. Nf1 0-0 8. Bb3 Re8 9. h3 d5 10. Qe2 dxe4 11. dxe4 Bb6 12. Ng3 a5 13. a4 Be6 14. Bxe6 Rxe6 15. Nf5 Ne7 16. N3h4 Nxf5 17. Nxf5 Qd7 18. 0-0 Rd8 19. Be3 Bxe3 20. Qxe3 Qd3 21. f3 Qc2 22. Rf2 Qb3 23. Ra3 Qd1+ 24. Kh2 Rb6 25. Qe2 Qxe2 26. Rxe2 Kf8 27. Ra1 Rd3 28. Ne3 Rc6 29. Rd1 Rxd1 30. Nxd1 Nd7 31. b4 Nb6 32. Ra2 axb4 33. cxb4 Rc4 34. a5 Nc8 35. Rb2 Ne7 36. Ne3 Rc3 37. Rd2 f6 38. Nd5 Nxd5 39. Rxd5 Ke7 40. Rb5 Kd6 41. Rxb7 g6 42. b5 Ra3 43. a6 Ra5 44. a7 Ra4 45. h4 f5 46. exf5 gxf5 47. Kg3 h5 48. Kh3 Ra3 49. b6 cxb6 50. Rxb6+ Ke7 51. Rh6 Kf7 52. Rh8 e4 53. a8Q Rxa8 54. Rxa8 e3 55. f4 e2 56. Ra1 1-0

[Event "Pan American-ch U20"]
[Site "Bogota"]
[Date "2013.07.14"]
[Round "8"]
[White "Valencia, Cristian Johan"]
[Black "Augoustis Funti, Alexis"]
[Result "1-0"]
[WhiteElo "1937"]
[BlackElo "1948"]
[PlyCount "63"]
[EventDate "2013.07.10"]
[EventType "swiss"]
[EventRounds "9"]
[EventCountry "COL"]
[SourceTitle "CBM 155 Extra"]
[Source "ChessBase"]
[SourceDate "2013.08.26"]
[SourceVersion "1"]
[SourceVersionDate "2013.08.26"]
[SourceQuality "1"]

1. e4 e6 2. d3 d5 3. Nd2 c5 4. Ngf3 Nc6 5. g3 g6 6. Bg2 Bg7 7. c3 Nge7 8. 0-0 0-0 9. h4 h5 10. Qe2 Qc7 11. Re1 d4 12. cxd4 Nxd4 13. Nxd4 Bxd4 14. Nb3 e5 15. Nxd4 cxd4 16. Bh6 Re8 17. Rec1 Qd6 18. Kh2 Be6 19. Qd2 Kh7 20. f4 f6 21. fxe5 fxe5 22. Bg5 Rf8 23. b3 Nc6 24. Rf1 Rxf1 25. Rxf1 Rf8 26. Bf6 Bxb3 27. Qg5 Bxa2 28. g4 hxg4 29. h5 g3+ 30. Kxg3 Rxf6 31. Rxf6 Qxf6 32. Qxf6 1-0

[Event "Pan American-ch U20"]
[Site "Bogota"]
[Date "2013.07.11"]
[Round "3"]
[White "Augoustis Funti, Alexis"]
[Black "Roman, Rodrigo"]
[Result "0-1"]
[WhiteElo "1948"]
[BlackElo "2015"]
[PlyCount "112"]
[EventDate "2013.07.10"]
[EventType "swiss"]
[EventRounds "9"]
[EventCountry "COL"]
[SourceTitle "CBM 155 Extra"]
[Source "ChessBase"]
[SourceDate "2013.08.26"]
[SourceVersion "1"]
[SourceVersionDate "2013.08.26"]
[SourceQuality "1"]

1. e4 e5 2. Nf3 Nc6 3. Bc4 Nf6 4. d3 Bc5 5. c3 a6 6. Bb3 0-0 7. Nbd2 d6 8. Nf1 d5 9. Qe2 Bg4 10. h3 Be6 11. Bc2 h6 12. g4 b5 13. Ng3 dxe4 14. Nxe4 Nxe4 15. d4 Nxf2 16. dxc5 Nxh1 17. Qe4 f5 18. Qxc6 Bd5 19. Bb3 Bxb3 20. axb3 fxg4 21. Qe6+ Kh8 22. Nxe5 Qh4+ 23. Kd1 Rf1+ 24. Kc2 Qf2+ 25. Kb1 Qf5+ 26. Qxf5 Rxf5 27. Ng6+ Kh7 28. hxg4 Rxc5 29. Nf4 Nf2 30. Be3 Ne4 31. Bxc5 Nxc5 32. Kc2 Rf8 33. Nd3 Nxd3 34. Kxd3 Rf6 35. b4 Kg6 36. Re1 Kg5 37. Re7 g6 38. Rh7 Rf4 39. Rxc7 Rxg4 40. Rc6 h5 41. Rxa6 h4 42. Ra1 h3 43. Rh1 Kh4 44. Ke3 Rg2 45. b3 Rb2 46. Kd4 Rxb3 47. Kc5 Rxc3+ 48. Kxb5 g5 49. Ka6 Rb3 50. b5 g4 51. b6 g3 52. b7 g2 53. Rc1 h2 54. Rc4+ Kh3 55. Rc3+ Rxc3 56. b8Q Ra3+ 0-1